000 00556nam a2200205Ia 4500
005 20250508155629.0
008 008 250505s9999 xx 000 0 eng d
037 _aBooks to be hide in OPAC
040 _aFEDL
_beng
_cFEDL
041 _aeng
_2eng
084 _a507.094 2, IND
_qFEDL
100 _aBanister H
_9767178
245 0 _aScience teaching in England
245 0 _cBureau of Education, India
260 _c1922
300 _a28p.
546 _aPamphlet No. 12
942 _cHB
_h507.094 2, IND
999 _c1358351
_d1358351